Microsoft Visual Basic 6.0 và lập trình cơ sở dữ liệu

Spremljeno u:
Bibliografski detalji
Glavni autor: Nguyễn, Thị Ngọc Mai
Format: Knjiga
Jezik:Undetermined
Izdano: Hà Nội Lao động - Xã hội 2002
Teme:
Oznake: Dodaj oznaku
Bez oznaka, Budi prvi tko označuje ovaj zapis!
Thư viện lưu trữ: Trung tâm Học liệu Trường Đại học Cần Thơ
LEADER 00768nam a2200181Ia 4500
001 CTU_122036
008 210402s9999 xx 000 0 und d
082 |a 005.2768 
082 |b M103 
100 |a Nguyễn, Thị Ngọc Mai 
245 0 |a Microsoft Visual Basic 6.0 và lập trình cơ sở dữ liệu 
245 0 |c Nguyễn Thị Ngọc Mai (chủ biên), Nguyễn Thị Kim Trang, Hoàng Đức Hải ; Cố vấn khoa học: Nguyễn Hữu Anh 
260 |a Hà Nội 
260 |b Lao động - Xã hội 
260 |c 2002 
650 |a Basic (ngôn ngữ lập trình chương trình máy tính),Basic (Computer program language) 
904 |i Minh 
980 |a Trung tâm Học liệu Trường Đại học Cần Thơ